Koncept Lovemarks ako budúcnosť značiek

Vnímanie značky sa najmä zo strany spotrebiteľov s postupom času mení. Tradičný koncept je nahrádzaný takzvaným konceptom Lovemarks. Definícia a charakteristika základných rozdielov medzi značkou a pojmom Lovemarks. Popis a analýza reklamných kampaní a aktivít spoločnosti Coca-Cola, ktorá je ukážkov...

ver descrição completa

Na minha lista:
Detalhes bibliográficos
Autor principal: Plevová, Katarína, 1989-
Formato: Capítulo de Livro
Idioma:eslovaco
Assuntos:
Tags: Adicionar Tag
Sem tags, seja o primeiro a adicionar uma tag!

MARC

LEADER 00000nla a2200000 4500
001 0181298
005 20240502073117.8
041 0 |a slo 
044 |a SK 
245 1 0 |a Koncept Lovemarks ako budúcnosť značiek  |c Katarína Plevová 
520 |a Vnímanie značky sa najmä zo strany spotrebiteľov s postupom času mení. Tradičný koncept je nahrádzaný takzvaným konceptom Lovemarks. Definícia a charakteristika základných rozdielov medzi značkou a pojmom Lovemarks. Popis a analýza reklamných kampaní a aktivít spoločnosti Coca-Cola, ktorá je ukážkovým príkladom konceptu Lovemarks. 
610 2 0 |a značky 
610 2 0 |a emócie 
610 2 0 |a hodnota 
610 2 0 |a spotrebitelia 
100 1 |a Plevová, Katarína, 1989-